000 00365nam a2200169Ia 4500
003 0100
008 130303s9999 xx 000 0 und d
040 _cARRUPELIB
050 _aJC153.L8 1967
100 _aLocke, John
245 _aTwo Tracts on Government
260 _aCambridge
260 _bCambridge UP
260 _C1967
300 _a265p
942 0 0 _01
999 _c37761
_d37761